International Business Lawyer (Record no. 118749)

MARC details
000 -LEADER
fixed length control field 00604cas a22002055a 4500
001 - CONTROL NUMBER
control field L117445
008 - FIXED-LENGTH DATA ELEMENTS--GENERAL INFORMATION
fixed length control field 020411c1973 xxkmr p 0 a0eng u
022 0# - INTERNATIONAL STANDARD SERIAL NUMBER
International Standard Serial Number 0309-7676
035 ## - SYSTEM CONTROL NUMBER
System control number (Sirsi) u117445
041 0# - LANGUAGE CODE
Language code of text/sound track or separate title eng
110 2# - MAIN ENTRY--CORPORATE NAME
Corporate name or jurisdiction name as entry element International Bar Association
9 (RLIN) 2593
245 ## - TITLE STATEMENT
Title International Business Lawyer
260 ## - PUBLICATION, DISTRIBUTION, ETC.
Place of publication, distribution, etc. London
Name of publisher, distributor, etc. International Bar Association
Date of publication, distribution, etc. 1973-
362 ## - DATES OF PUBLICATION AND/OR SEQUENTIAL DESIGNATION
Dates of publication and/or sequential designation 30(2) February 2002-32(6) December 2004
520 ## - SUMMARY, ETC.
Summary, etc. Kept for five years
554 ## -
-- 11 per year
651 #4 - SUBJECT ADDED ENTRY--GEOGRAPHIC NAME
Geographic name International
690 ## - LOCAL SUBJECT ADDED ENTRY--TOPICAL TERM (OCLC, RLIN)
Topical term or geographic name as entry element MANAGEMENT-BUSINESS MANAGEMENT-PROFESSIONAL PRACTICE
942 ## - ADDED ENTRY ELEMENTS (KOHA)
Suppress in OPAC 0
Holdings
Withdrawn status Lost status Source of classification or shelving scheme Damaged status Not for loan Home library Current library Shelving location Date acquired Total Checkouts Full call number Barcode Date last seen Price effective from Koha item type
    Dewey Decimal Classification     London London Gallery 11/04/2002   INTERNATIONAL BUSINESS LAWYER 117445-1001 06/08/2019 06/08/2019 Journal